Compatibility of antagonistic growth promoting rhizobacteria with agrochemicals used in Hevea brasiliensis cultivation (Record no. 49642)

MARC details
000 -LEADER
fixed length control field 00590nam a2200157Ia 4500
100 ## - MAIN ENTRY--AUTHOR NAME
Personal name Joseph K
245 #0 - TITLE STATEMENT
Title Compatibility of antagonistic growth promoting rhizobacteria with agrochemicals used in Hevea brasiliensis cultivation
260 ## - PUBLICATION, DISTRIBUTION, ETC. (IMPRINT)
Name of publisher First Asian PGPR Congress for Sustainable Agriculture, 21-24 June 2009, Acharya N G Ranga Agricultural Unviersity, India and Auburn University, USA, pp. 90.
700 ## - ADDED ENTRY--PERSONAL NAME
Personal name Abraham A
700 ## - ADDED ENTRY--PERSONAL NAME
Personal name Elias R.S
700 ## - ADDED ENTRY--PERSONAL NAME
Personal name Farha A.K.
700 ## - ADDED ENTRY--PERSONAL NAME
Personal name Jacob C.K
700 ## - ADDED ENTRY--PERSONAL NAME
Personal name Philip S
942 ## - ADDED ENTRY ELEMENTS (KOHA)
Koha item type Bibliography STAF
Holdings
Withdrawn status Lost status Damaged status Not for loan Home library Current library Shelving location Date acquired Koha item type
      Bibliography RRII Library RRII Library DL 21/12/2009 Bibliography STAF